Digitální továrna mocný nástroj pro průmyslovou výrobu

Pohľad na súčasnú úroveň zavádzania nástrojov digitálnej továrne do výrobných prevádzok, predovšetkým v automobilovom priemysle. Postup digitalizácie a vývoj digitálnej továrne. Pojem digitálna továreň.

Guardado en:
Detalles Bibliográficos
Autor principal: Leeder, Edvard
Formato: Capítulo de libro
Lenguaje:checo
Materias:
Etiquetas: Agregar Etiqueta
Sin Etiquetas, Sea el primero en etiquetar este registro!

MARC

LEADER 00000naa$a2200000$$$4500
001 0095293
005 20220505134315.0
041 0 |a cze 
044 |a SK 
245 1 0 |a Digitální továrna mocný nástroj pro průmyslovou výrobu  |c Edvard Leeder 
520 |a Pohľad na súčasnú úroveň zavádzania nástrojov digitálnej továrne do výrobných prevádzok, predovšetkým v automobilovom priemysle. Postup digitalizácie a vývoj digitálnej továrne. Pojem digitálna továreň. 
610 2 0 |a digitalizácia 
610 2 0 |a výroba priemyselná 
610 2 0 |a priemysel automobilový 
610 2 0 |a riadenie výroby 
100 1 |a Leeder, Edvard